000 00741nam a2200229 a 4500
001 000003681
005 20200929150528.0
008 090713s1999 sp ac 000 0 spa d
020 _a8440690940
040 _aDO-SdBNP
082 _a782.42164092
_bJ37J
100 1 _aJara, Joan
_d1938-1973
_911265
240 1 0 _aVictor. An Unfinished song
245 1 0 _aVíctor Jara :
_bun canto truncado /
_cJoan Jara ; traducción Margarita Cavándoli.
260 _aBarcelona :
_bEdiciones B,
_c1999.
300 _a404 p. :
_bil.,retrs.
600 1 4 _aJARA, VICTOR
_d1938-1973
_911266
650 4 _aCompositores
_zChile
_xBiografías
_911267
700 1 _aCavándoli, Margarita,
_etr.
_911268
910 _aValidado. Control de calidad MFF
049 _aBNGR
999 _c3503
_d3503